000 00469nam a2200169Ia 4500
005 20250508154011.0
008 008 250505s9999 xx 000 0 eng d
037 _aBooks to be hide in OPAC
040 _aFEDL
_beng
_cFEDL
041 _aeng
_2eng
084 _a943, GER/O
_qFEDL
245 0 _aGerman revisionism on the move
260 _aPoznan
_bWydawnictwo Zachodnie
_c1960
300 _a101p.
942 _cHB
_h943, GER/O
999 _c1346943
_d1346943